000 00644nam a2200253Ia 4500
005 20260121153701.0
008 008 260114s9999 xx 000 0 eng d
020 _a9781003008552
037 _aEBOOK
040 _aCRL
040 _beng
040 _cCRL
041 _2eng
041 _aeng
084 _qCRL
100 _aMir Sajjad Hashemi; Dumitru Baleanu
_9997832
245 0 _aLie Symmetry Analysis of Fractional Differential Equations
260 _bTaylor and Francis
260 _c2020
856 _uhttp://www.taylorfrancis.com/books/9781003008552
942 _cEBOOK
999 _c1564651
_d1564651